| 000 | 01887nad a22003973ic4500 | ||
|---|---|---|---|
| 001 | EBC7081098 | ||
| 003 | MiAaPQ | ||
| 005 | 20221026165540.0 | ||
| 007 | cr cnu|||||||| | ||
| 008 | 221021s2022 xx o ||||0 eng d | ||
| 020 |
_a9781350226654 _q(electronic bk.) |
||
| 020 | _z9781474298735 | ||
| 040 |
_aMiAaPQ _beng _cMiAaPQ |
||
| 245 | 1 | 2 |
_aA Cultural History of Objects _nVolume 3 _pIn the Renaissance _cedited by James Symonds |
| 264 | 1 |
_aLondon : _bBloomsbury Publishing Plc, _c2022. |
|
| 264 | 4 | _c©2022. | |
| 300 | _a1 online resource (297 pages) | ||
| 336 |
_aText _btxt _2rdacontent |
||
| 337 |
_aComputermedien _bc _2rdamedia |
||
| 338 |
_aOnline Resource _bcr _2rdacarrier |
||
| 490 | 1 | _aThe cultural histories series | |
| 500 | _aE-Book-ProQuest / Fernzugriff nach Registrierung möglich | ||
| 505 | 0 | _aCover -- Contents -- List of Illustrations -- Series Preface -- Introduction James Symonds -- 1 Objecthood Visa Immonen -- 2 Technology Surekha Davies -- 3 Economic Objects Martha C. Howell -- 4 Everyday Objects Peter Stallybrass -- 5 Art Jill Burke -- 6 Architecture Michael J. Waters -- 7 Bodily Objects Susan Gaylard -- 8 Object Worlds Andrew Morrall -- Notes -- Bibliography -- Notes on Contributors -- Index. | |
| 650 | 4 |
_aRenaissance _915710 |
|
| 650 | 4 | _aKunsthandwerk | |
| 650 | 4 |
_aAlltagsgegenstand _915704 |
|
| 650 | 4 |
_aSachkultur _91398 |
|
| 655 | 4 | _aElectronic books. | |
| 655 |
_aFernzugriff _9230 |
||
| 700 |
_4edt _aSymonds, James. _eeditor _915632 |
||
| 773 | 0 | 8 |
_qVolume3 _w1675693072 |
| 776 | 0 | 8 |
_iPrint version: _aSymonds, James _tA Cultural History of Objects in the Renaissance _dLondon : Bloomsbury Publishing Plc,c2022 _z9781474298735 |
| 830 | 4 |
_aThe cultural histories series _96986 |
|
| 856 | 4 | 0 |
_uhttps://ebookcentral.proquest.com/lib/maxweberstiftung-ebooks/detail.action?docID=7081098 _zVolltext |
| 942 |
_cEB _2z |
||
| 999 |
_c60910 _d60910 |
||